00590 2200229 4500001002100000005001700021020002200038035002500060040001200085082001100097084002100108090002100129100001700150245005200167250001100219260003100230300002700261650002800288700001000316850001200326990002200338YOGYA00000000009909320141217082754.0 a978-979-21-3038-6 a0010-031400000000001 aYOPDYOG a746.92 aDEP 747.92 San S aDEP 747.92 San S aSANNY POESPO a104 desain blusc/ Sanny Poespo ; editor, Indah aCet. 1 aYogyakartabKanisiusc2012 a79 hlm.bilus.c28 cm. aPakaian-desain dan pola aIndah aYOPDYOG aCB-D.11-2012-1851